MAASAI MARA UNIVERSITY

LIBRARY CATALOGUE

Contact Us: +254 020 2685356/7 or 0774 057787

Box: 861-20500, NAROK, KENYA

Email: info@mmarau.ac.ke

Insect and their natural Enemies Associated with Vegetables and Soybean in Southeast Asia (Record no. 8014)

MARC details
000 -LEADER
fixed length control field 00592nam a2200193Ia 4500
003 - CONTROL NUMBER IDENTIFIER
control field OSt
005 - DATE AND TIME OF LATEST TRANSACTION
control field 20210707110439.0
008 - FIXED-LENGTH DATA ELEMENTS--GENERAL INFORMATION
fixed length control field 151021s9999 xx 000 0 und d
020 ## - INTERNATIONAL STANDARD BOOK NUMBER
International Standard Book Number 966907302
040 ## - CATALOGING SOURCE
Original cataloging agency MMU
Language of cataloging eng
Transcribing agency MMU
Modifying agency MMU
050 ## - LIBRARY OF CONGRESS CALL NUMBER
Classification number SB 945 .S54 1999
245 ## - TITLE STATEMENT
Title Insect and their natural Enemies Associated with Vegetables and Soybean in Southeast Asia
Statement of responsibility, etc. B.M.Sherpard...[et al.].
260 ## - PUBLICATION, DISTRIBUTION, ETC. (IMPRINT)
Place of publication, distribution, etc. South Carolina :
Name of publisher, distributor, etc. Clemson University ,
Date of publication, distribution, etc. 1999.
300 ## - PHYSICAL DESCRIPTION
Extent vi, 108 p. :
Other physical details ill.;
500 ## - GENERAL NOTE
General note Includes index .
650 ## - SUBJECT ADDED ENTRY--TOPICAL TERM
Topical term or geographic name as entry element Fungi
700 ## - ADDED ENTRY--PERSONAL NAME
Personal name G.R. Carner
942 ## - ADDED ENTRY ELEMENTS (KOHA)
Source of classification or shelving scheme Library of Congress Classification
Koha item type L
Holdings
Withdrawn status Lost status Source of classification or shelving scheme Damaged status Not for loan Home library Current library Date acquired Source of acquisition Total Checkouts Full call number Barcode Date last seen Date last checked out Price effective from Koha item type
    Library of Congress Classification     Maasai Mara University Library -Main Campus Maasai Mara University Library -Main Campus 09/06/2016 Donation 1 SB945 .S54 1999 20116476 02/16/2023 03/03/2020 09/06/2016 L
© 2016 Maasai Mara University.